000 00225nam a22000857a 4500
008 161108b xxu||||| |||| 00| 0 eng d
100 _91091
_aGandhi.P.
245 _aBusiness Studies
260 _aNew Delhi
_bDhanpat publications
_c2012
999 _c3753
_d3753